Sudden Death - Nachbarländer des Iran - Statistiken

Allgemein
  • Dieses Quiz wurde 112 mal gespielt
  • Das Durchschnittsergebnis liegt bei 3 aus 7
Answers on the Grid
Answers color-coded by a green-red scale on the quiz's grid according to % correct below.
Aserbaidschan🇦🇿
Armenien🇦🇲
Türkei🇹🇷
Irak🇮🇶
Pakistan🇵🇰
Turkmenistan🇹🇲
Afghanistan🇦🇫
Georgien🇬🇪
Russland🇷🇺
Kasachstan🇰🇿
Usbekistan🇺🇿
Tadschikistan🇹🇯
Kirgisistan🇰🇬
Kuwait🇰🇼
Saudi-Arabien🇸🇦
Jemen🇾🇪
Jordanien🇯🇴
China🇨🇳
Indien🇮🇳
Bahrain🇧🇭
Mongolei🇲🇳
Oman🇴🇲
 
Antwortstatistiken
Antwort % Korrekt
Irak🇮🇶
82%
Türkei🇹🇷
61%
Afghanistan🇦🇫
58%
Pakistan🇵🇰
49%
Aserbaidschan🇦🇿
35%
Turkmenistan🇹🇲
32%
Armenien🇦🇲
29%
Keine übereinstimmenden Quizze gefunden
Verteilung der Resultate
Anzahl Personen mit jedem Resultat
Perzentil nach korrekt beantworteten Fragen
Ihre Resultats-Entwicklung
Sie haben dieses Quiz noch nicht gespielt